000 00467nam a2200181Ia 4500
001 9427
005 20260306161717.0
008 260306t2004||||xx |||||||||||||| ||spa||
041 _aESP
082 _a378.98
_bR34
100 _aBeneitone, Pablo (ed.)
_eAUT
245 0 _aReflexiones perspectivas de la educación superior en América Latina
260 _c2004
300 _a429 páginas :
_c22 cm.
650 _aGEN
654 _aCHU
942 _cLIB
_dJUS
_fJUS
_2ddc
_n
999 _c9427
_d9427